Tên làng xã Việt Nam đầu thế kỷ XIX thuộc các tỉnh từ Nghệ Tĩnh trở ra Các tổng trấn xã danh bị lãm

Tallennettuna:
Bibliografiset tiedot
Päätekijä: Viện Nghiên cứu Hán Nôm
Aineistotyyppi: Kirja
Kieli:Undetermined
Julkaistu: Hà Nội KHXH 1981
Aiheet:
Tagit: Lisää tagi
Ei tageja, Lisää ensimmäinen tagi!
Thư viện lưu trữ: Trung tâm Học liệu Trường Đại học Cần Thơ
LEADER 00653nam a2200181Ia 4500
001 CTU_10930
008 210402s9999 xx 000 0 und d
082 |a 959.7012 
082 |b V305t 
100 |a Viện Nghiên cứu Hán Nôm 
245 0 |a Tên làng xã Việt Nam đầu thế kỷ XIX thuộc các tỉnh từ Nghệ Tĩnh trở ra 
245 0 |b Các tổng trấn xã danh bị lãm 
245 0 |c Viện Nghiên cứu Hán Nôm 
260 |a Hà Nội 
260 |b KHXH 
260 |c 1981 
650 |a names, geographical,vietnam - names 
980 |a Trung tâm Học liệu Trường Đại học Cần Thơ